Statistics for Presidential Profiles - Picture

Click here to take the quiz!

General Stats

  • This quiz has been taken 25 times
  • The average score is 31 of 45

Answer Stats

Answer% Correct
Abraham Lincoln
100%
Barack Obama
100%
Bill Clinton
100%
Donald Trump
100%
George Washington
100%
John F. Kennedy
100%
Richard Nixon
100%
George H. W. Bush
95%
George W. Bush
95%
Jimmy Carter
95%
Joe Biden
95%
Ronald Reagan
95%
Thomas Jefferson
95%
Dwight D. Eisenhower
91%
Franklin D. Roosevelt
91%
Gerald Ford
91%
Lyndon B. Johnson
91%
Harry S. Truman
86%
Ulysses S. Grant
86%
Theodore Roosevelt
77%
John Adams
68%
Woodrow Wilson
68%
James Madison
64%
William Howard Taft
59%
Calvin Coolidge
55%
James Monroe
55%
John Tyler
55%
Zachary Taylor
55%
Grover Cleveland
50%
Herbert Hoover
50%
John Quincy Adams
50%
Andrew Johnson
45%
Chester A. Arthur
45%
Martin Van Buren
45%
Millard Fillmore
45%
William Henry Harrison
45%
Andrew Jackson
41%
Franklin Pierce
41%
James A. Garfield
41%
Warren G. Harding
41%
James Buchanan
36%
James K. Polk
36%
Rutherford B. Hayes
36%
William McKinley
36%
Benjamin Harrison
32%

Score Distribution

Percentile by Number Answered

Percent of People with Each Score

Your Score History

You have not taken this quiz